[Event "Joao Pessoa Fischer Memorial 9th"]
[Site "Joao Pessoa"]
[Date "2018.03.16"]
[Round "1"]
[White "Vieira, Pablo Costa"]
[Black "De Almeida, Valdemiza Gurgel"]
[Result "1-0"]
[WhiteElo "1977"]
[BlackElo "1367"]
[PlyCount "43"]
[EventDate "2018.03.16"]
[EventType "swiss"]
[EventRounds "6"]
[EventCountry "BRA"]
[SourceTitle "CBM 183 Extra"]
[Source "ChessBase"]
[SourceDate "2018.04.19"]
[SourceVersion "1"]
[SourceVersionDate "2018.04.19"]
[SourceQuality "1"]

1. e4 d6 2. f4 Nd7 3. Bc4 e5 4. Nf3 c6 5. 0-0 g6 6. d4 Qb6 7. fxe5 dxe5 8. Kh1 Bg7 9. Ng5 Nh6 10. Nxf7 Nxf7 11. Bxf7+ Kd8 12. d5 c5 13. Na3 Nf6 14. d6 Nxe4 15. Nc4 Qa6 16. Qd5 Nxd6 17. Bg5+ Kc7 18. Nxe5 Nf5 19. Qxc5+ Kb8 20. Rxf5 Bxf5 21. Nd7+ Bxd7 22. Bf4+ 1-0